00285nam a2200133Ia 45000030006000000080041000060400015000471000015000622450026000772500010001032600009001135460012001220050017001340STCL150530s9999 xx 000 0 und d aSTCLcSTCL aSax Rohmer aTales of Secret Egypt aNinth c1929 aEnglish20220125171028.0